Drobné oslavy /

Hlavní autor: Tioka, Jindřich, 1937-
Další autoři: Šuterová, Otilie, 1940-
Jazyk: Čeština
Vydáno: Brno : Cesta, [2014]
Vydání: 1. vyd.
Témata:
Fyzický popis: 46 s. : il. ; 21 cm
Knihy
Uloženo v:
LEADER 01172nam a2200337 a 4500
001 nkc20142584950
003 CZ PrNK
005 20150204121443.0
007 ta
008 140415s2014 xr a g 000 p cze
015 |a cnb002584950 
020 |a 978-80-7295-172-7  |q (brož.) :  |c Kč 100,00 
035 |a (OCoLC)883371994 
040 |a BOA001  |b cze 
072 7 |a 821.162.3-1  |x Česká poezie  |2 Konspekt  |9 25 
080 |a 821.162.3-1  |2 MRF 
080 |a (0:82-1)  |2 MRF 
100 1 |a Tioka, Jindřich,  |d 1937-  |7 skuk0005617  |4 aut 
245 1 0 |a Drobné oslavy /  |c Jindřich Tioka ; [ilustrace Otilie Šuterová-Demelová] 
250 |a 1. vyd. 
260 |a Brno :  |b Cesta,  |c [2014] 
300 |a 46 s. :  |b il. ;  |c 21 cm 
655 7 |a česká poezie  |7 fd133958  |2 czenas 
655 9 |a Czech poetry  |2 eczenas 
700 1 |a Šuterová, Otilie,  |d 1940-  |7 ola200203166  |4 ill 
910 2 |a BOA001  |b 2-1325.523 
990 |a BK 
995 |a 01 
991 |b 201404  |c NOV  |e b 
996 6 |b 2610590142  |c 2-1325.523  |l MZK  |r Sklad / do 1 hodiny  |n 0  |p p.v.  |w 001417645  |u 000010  |a 1  |e BOA001  |j MZK50  |s P 
996 7 |b 2610590143  |c 2-1325.523  |l MZK  |r Sklad / do 1 hodiny  |n 1  |p p.v.  |w 001417645  |u 000020  |a 1  |e BOA001  |j MZK50  |s A